[Event "Delft Prinsenstad op-B"]
[Site "Delft"]
[Date "2010.04.04"]
[Round "5"]
[White "Holwijn, Melvin"]
[Black "Kunnen, Ruurd"]
[Result "0-1"]
[WhiteElo "1971"]
[BlackElo "1898"]
[PlyCount "50"]
[EventDate "2010.04.02"]
[EventType "swiss"]
[EventRounds "6"]
[EventCountry "NED"]
[SourceTitle "EXT 2013"]
[Source "ChessBase"]
[SourceDate "2012.11.22"]
[SourceVersion "1"]
[SourceVersionDate "2012.11.22"]
[SourceQuality "1"]

1. d4 Nf6 2. c4 e6 3. Nf3 c5 4. Nc3 cxd4 5. Nxd4 Nc6 6. Ndb5 d6 7. Bg5 a6 8. Bxf6 gxf6 9. Na3 b6 10. e4 Bb7 11. Nc2 Qc7 12. Qd2 h5 13. Ne3 Bh6 14. Rd1 0-0-0 15. Rc1 Kb8 16. Ncd5 exd5 17. cxd5 Qd7 18. dxc6 Bxc6 19. Bxa6 Bxe4 20. Qd4 Qa7 21. Qxe4 Qxa6 22. Qc4 Qxc4 23. Rxc4 d5 24. Rd4 Rhe8 25. 0-0 Rxe3 0-1

[Event "Goch op 20th"]
[Site "Goch"]
[Date "2009.10.03"]
[Round "4"]
[White "Holwijn, Melvin"]
[Black "Jess, Arne"]
[Result "1-0"]
[WhiteElo "2028"]
[BlackElo "1881"]
[PlyCount "49"]
[EventDate "2009.10.01"]
[EventType "swiss"]
[EventRounds "7"]
[EventCountry "GER"]
[SourceTitle "EXT 2011"]
[Source "ChessBase"]
[SourceDate "2010.11.26"]
[SourceVersion "1"]
[SourceVersionDate "2010.11.26"]
[SourceQuality "1"]

1. d4 g6 2. e4 d6 3. f4 Bg7 4. Nf3 Bg4 5. Be2 Nd7 6. 0-0 c5 7. d5 Qb6 8. c3 Bxf3 9. Bxf3 c4+ 10. Kh1 Qa6 11. Be3 b5 12. Qc2 Rc8 13. Nd2 Nc5 14. Rfd1 Na4 15. Nf1 Nf6 16. Bd4 0-0 17. b3 Nb6 18. Ne3 Qb7 19. bxc4 Nxc4 20. Nxc4 Rxc4 21. Be2 Ra4 22. Rab1 Qa6 23. Rb2 Rb8 24. Rdb1 Qc8 25. Qxa4 1-0